000 00712nam a2200229 i 4500
001 C2-0274385
003 PPAK
005 20180728003441.0
008 060925s1996 my a|||| ||||| | may d
040 _aPPAK
_beng
_cPPAK
_erda
082 0 4 _a808.51
_223
090 0 0 _a808.51
_bGER
_dKAR
245 0 0 _aGerakan Desa Wawasan
_bTeks Ucapan YAB Perdana Menteri
264 1 _aPerak :
_bKementerian Pembangunan Luar Bandar Malaysia ,
_c1996
300 _a6 pages :
_billustrations ;
_c18 cm
336 _2rdacontent
_atext
337 _2rdamedia
_aunmediated
338 _2rdacarrier
_avolume
500 _aSempena Pelancaran Gerakan Desa Wawasan pada 4hb Julai 1996
650 1 0 _aPublic Speaking
942 _ddc
_cB
999 _c82171
_d82171